| 000 | 01516cam a22003734a 4500 | ||
|---|---|---|---|
| 090 | _c0 | ||
| 001 | 13804526 | ||
| 005 | 20060722172340.0 | ||
| 008 | 041202s2005 nju b 001 0 eng | ||
| 010 | _a 2004028736 | ||
| 020 | _a0471719846 | ||
| 020 | _a9780471719847 | ||
| 040 |
_aDLC _cDLC _dDLC |
||
| 042 | _apcc | ||
| 050 | 0 | 0 |
_aHG4521 _b.M64 2005 |
| 082 | 0 | 0 |
_a332.6 _222 _bMOG |
| 100 | 1 | _aMoglia, Joe. | |
| 245 | 1 | 0 |
_aCoach yourself to success : _bWinning the investment game / _cJoe Moglia. |
| 260 |
_aHoboken, N.J. : _bJ. Wiley, _cc2005. |
||
| 300 |
_axxi, 199 p. ; _c24 cm. |
||
| 504 | _aIncludes bibliographical references (p. 181-188) and index. | ||
| 650 | 0 | _aInvestments. | |
| 650 | 0 | _aStocks. | |
| 650 | 0 | _aBonds. | |
| 650 | 0 | _aMutual funds. | |
| 650 | 0 | _aCash management. | |
| 650 | 0 | _aFinance, Personal. | |
| 856 | 4 | 1 |
_3Table of contents only _uhttp://www.loc.gov/catdir/toc/ecip054/2004028736.html |
| 856 | 4 | 2 |
_3Contributor biographical information _uhttp://www.loc.gov/catdir/enhancements/fy0617/2004028736-b.html |
| 856 | 4 | 2 |
_3Publisher description _uhttp://www.loc.gov/catdir/enhancements/fy0617/2004028736-d.html |
| 942 |
_2ddc _cBB |
||
| 999 |
_c10404 _d10404 |
||